| 000 | 00494nam a2200169 a 4500 | ||
|---|---|---|---|
| 005 | 20140412111329.0 | ||
| 008 | 030110s19uu xx 00 eng d | ||
| 020 | _a0-02-686027-9 | ||
| 050 |
_aBB _bTi43 1995 |
||
| 100 | _aCusik, Pat | ||
| 245 |
_aTime for lunch / _cstory by Pat Cusik; Photograps by Ann Littlejohn. |
||
| 260 |
_aOhio, Columbus : _bSRA-Macmilla/McGraw-Hill, _c1995. |
||
| 300 | _a16 p. ; ill. | ||
| 650 | _aAnimals--Fiction | ||
| 650 | _aChildren stories | ||
| 999 |
_c104851 _d104851 |
||